| 000 | 01435cam a2200325 a 4500 | ||
|---|---|---|---|
| 001 | 15106759 | ||
| 003 | OSt | ||
| 005 | 20210215124257.0 | ||
| 008 | 071206s2008 mdu b 001 0 eng | ||
| 010 | _a 2007050043 | ||
| 020 | _a9781558102569 (pbk.) | ||
| 020 | _a1558102566 (pbk.) | ||
| 035 | _a(DNLM)101322825 | ||
| 040 |
_aDNLM/DLC _cDLC _dDLC _dPHNSL |
||
| 042 | _apcc | ||
| 050 | 0 | 0 |
_aRT50.5 _b.N8696 2008 |
| 082 | 0 | 0 |
_a610.730285 _222 |
| 245 | 0 | 0 |
_aNursing informatics : _bscope and standards of practice. |
| 260 |
_aSilver Spring, Md. : _bAmerican Nurses Association, _c2008. |
||
| 300 |
_avii, 204 p. ; _c23 cm. |
||
| 504 | _aIncludes bibliographical references and index. | ||
| 505 | 0 | _aMetastructures, concepts, and tools of nursing informatics -- Functional areas for nursing informatics -- Informatics competencies -- The integration of nursing informatics -- Ethics in nursing informatics -- The future of nursing informatics -- Standards of nursing informatics practice. | |
| 650 | 0 |
_aNursing informatics _xStandards. |
|
| 650 | 1 | 2 |
_aNursing Informatics _xstandards. |
| 710 | 2 | _aAmerican Nurses Association. | |
| 856 | 4 | 1 |
_3Table of contents only _uhttp://www.loc.gov/catdir/toc/ecip086/2007050043.html |
| 906 |
_a7 _bcbc _corignew _d1 _eecip _f20 _gy-gencatlg |
||
| 942 |
_2lcc _cBK |
||
| 999 |
_c328 _d328 |
||